000 00767nam a2200253Ia 4500
003 OSt
005 20220925231739.0
006 a|||||r|||| 00| 0
007 ta
008 220923b |||||||| |||| 00| 0 eng d
037 _cGeneral Book
040 _aRTL
_cRTL
_beng
041 _2eng
_aeng
082 _aB28, M9
100 _aRao C Radhakrishna
245 0 _aStatistics and truth
_b Putting chance to work
260 _aMaryland
_bInternational Co-operative Publishing House
_c1989
300 _axx, 143p
_ccm.
490 _aRamanujan Memorial Lectures. Statistical Ecology Series
500 _aBibliograph chapterwise
650 _aStatistics
_935791
942 _hB28, M9
_cGB
_2CC
999 _c589371
_d589371